10 tipov na úsporu energie

Desať tipov na úsporu energie a ako šetriť energiou v samospráve. Materiálové alebo energetické zhodnocovanie komunálneho odpadu formou separácie a recyklácie. Využitie konkurenčného boja dodávateľov energií.

Saved in:
Bibliographic Details
Main Author: Marianyi, Peter
Format: Book Chapter
Language:Slovak
Subjects:
Tags: Add Tag
No Tags, Be the first to tag this record!

MARC

LEADER 00000naa a2200000 4500
001 0151985
005 20231005103042.7
041 0 |a slo 
044 |a SK 
245 1 0 |a 10 tipov na úsporu energie  |c Peter Marianyi 
520 |a Desať tipov na úsporu energie a ako šetriť energiou v samospráve. Materiálové alebo energetické zhodnocovanie komunálneho odpadu formou separácie a recyklácie. Využitie konkurenčného boja dodávateľov energií. 
610 2 0 |a objekty hospodárenia 
610 2 0 |a zdroje palivovo-energetické 
610 2 0 |a zhodnocovanie zdrojov 
610 2 0 |a recyklácia odpadu 
610 2 0 |a suroviny druhotné 
610 2 0 |a využitie surovín 
610 2 0 |a energia 
610 2 0 |a úspory energie 
100 1 |a Marianyi, Peter